Racionalizácia a modernizácia mechanickej obrobne /RaM/ : Diplomová práca

Saved in:
Bibliographic Details
Main Author: Kňaze, Peter (Author)
Other Authors: Viskup, Milan (xxx)
Format: Manuscript Book
Language:Slovak
Published: Trnava : SVŠT v Bratislave StF KOOSaM, 1988
Subjects:
Tags: Add Tag
No Tags, Be the first to tag this record!

MARC

LEADER 00000ntm a22000003a 4500
001 stu92358
005 20160719162640.6
008 050112s1988----cs------------------slo-d
040 |a STU  |b slo 
041 0 |a slo 
044 |a cs 
100 1 |a Kňaze, Peter  |4 aut 
245 1 |a Racionalizácia a modernizácia mechanickej obrobne /RaM/ :  |b Diplomová práca 
260 |a Trnava :  |b SVŠT v Bratislave StF KOOSaM,  |c 1988 
300 |a 67 s  |c príl 
650 7 |a Strojárska technológia-obrábanie  |2 stusub 
700 1 |a Viskup, Milan  |4 xxx 
996 |b 284M043135  |c M*DP-2761  |l MMSKP  |s P  |a 0  |w stu92358_0001